000 00658nam a2200193 a 4500
008 120416s1981 ||||||||||||||||| || u
020 _a013853473X
050 _aNA 2750 Sal
100 _aSalvadori, Mario George, 1907-
245 1 0 _aStructural design in architecture
250 _a2nd ed.
260 _aEnglewood cliffs, N. J.:
_bFT Prentice-Hall
_c1981
300 _axxii, 458p.: ill.
350 _a0.00
500 _aIncludes index.
650 _aSTRUCTURAL DESIGN
700 _aLevy, Matthys
995 _D0.00
_FCBU-MAIN LIBRARY (Kitwe)
_H1
_I0.00
_UAVAILABLE
_ZAnnex Low-Usage Collection
999 _c58673
_d58673